logo

Bir Sreshtho Munshi Abdur Rouf Library
Jhenaidah Cadet College

A Text Book Of Optics / (Record no. 10363)

MARC details
000 -LEADER
fixed length control field 00799nam a2200289 a 4500
001 - CONTROL NUMBER
JCCL Control Number 10363
003 - CONTROL NUMBER IDENTIFIER
JCCL marc code BD-JhCC
005 - DATE AND TIME OF LATEST TRANSACTION
control field 20221018134024.0
008 - FIXED-LENGTH DATA ELEMENTS--GENERAL INFORMATION
fixed length control field 890412s20161966ii a 001 0 eng d
020 ## - INTERNATIONAL STANDARD BOOK NUMBER
International Standard Book Number 9788121926119
020 ## - INTERNATIONAL STANDARD BOOK NUMBER
International Standard Book Number 9788121926119
035 ## - SYSTEM CONTROL NUMBER
system control number CURL 990198518757(Bnb)
-- (BD-JhCC)10363
040 ## - CATALOGING SOURCE
Original cataloging agency BD-JhCC
Modifying agency BD-JhCC
041 ## - LANGUAGE CODE
Language code of Book eng
050 #0 - LIBRARY OF CONGRESS CALL NUMBER
Classification number QC355.2
082 ## - DEWEY DECIMAL CLASSIFICATION NUMBER
Classification number 535
DDC Edition number 19
Author mark and Year OPT 2016
100 1# - MAIN ENTRY--PERSONAL NAME
Personal name Subrahamanyam, Dr. N.
245 10 - TITLE STATEMENT
Title A Text Book Of Optics /
Statement of responsibility, etc Dr. N. Subrahamanyam, Brij Lal
260 ## - PUBLICATION, DISTRIBUTION, ETC. (IMPRINT)
Place of publication, distribution, etc New Delhi :
Name of publisher, distributor, etc S. Chand & Company Ltd,
Date of publication, distribution, etc 2016.
300 ## - PHYSICAL DESCRIPTION
Pagination 729 p. :
Other physical details ill. ;
Dimensions 23 cm
650 #0 - SUBJECT ADDED ENTRY--TOPICAL TERM
Topical term or geographic name as entry element Optics
700 ## - ADDED ENTRY--PERSONAL NAME
Fuller form of name Lal Brij
830 #0 - SERIES ADDED ENTRY--UNIFORM TITLE
Uniform title Oxford physics series ;
Volume number/sequential designation 14
830 #0 - SERIES ADDED ENTRY--UNIFORM TITLE
Uniform title Oxford science publications.
942 ## - ADDED ENTRY ELEMENTS (KOHA)
Source of classification or shelving scheme Dewey Decimal Classification
Koha item type Books
Koha issues (borrowed), all copies 1
Holdings
Source of classification or shelving scheme Damaged status Not for loan Home library Current library Shelving location Date of accession Total Checkouts Full call number Barcode Date last seen Date checked out Copy number Koha item type
Dewey Decimal Classification     JCC Rouf Library JCC Rouf Library General Stacks 04/24/2018 1 535 OPT 2016 13781 02/26/2024 02/18/2024 C-1 Books
Dewey Decimal Classification     JCC Rouf Library JCC Rouf Library General Stacks 04/24/2018 2 535 OPT 2016 13780 02/19/2024 02/18/2024 C-2 Books

JCC Library | Contacts | JCC Home

Last Update on 23 September 2017
Copyright @ 2017-2020 JCC Rouf Library
Rouf Library, Jhenidah Cadet College (JCC), Bangladesh